Racial disadvantage in employment (Record no. 695912)
[ view plain ]
| 000 -LEADER | |
|---|---|
| fixed length control field | 00802nam a2200265Ia 4500 |
| 003 - CONTROL NUMBER IDENTIFIER | |
| control field | OSt |
| 005 - DATE AND TIME OF LATEST TRANSACTION | |
| control field | 20220927110352.0 |
| 008 - FIXED-LENGTH DATA ELEMENTS--GENERAL INFORMATION | |
| fixed length control field | 220926b |||||||| |||| 00| 0 eng d |
| 037 ## - SOURCE OF ACQUISITION | |
| Terms of availability | Reports |
| 040 ## - CATALOGING SOURCE | |
| Original cataloging agency | RTL |
| Transcribing agency | RTL |
| Language of cataloging | eng |
| 041 ## - LANGUAGE CODE | |
| Source of code | eng |
| Language code of text/sound track or separate title | eng |
| 100 ## - MAIN ENTRY--PERSONAL NAME | |
| Personal name | Smith David J |
| 9 (RLIN) | 376889 |
| 245 #0 - TITLE STATEMENT | |
| Title | Racial disadvantage in employment |
| 260 ## - PUBLICATION, DISTRIBUTION, ETC. | |
| Place of publication, distribution, etc. | London |
| Name of publisher, distributor, etc. | Political and Economics Planning U.K. |
| Date of publication, distribution, etc. | 1974 |
| 300 ## - PHYSICAL DESCRIPTION | |
| Extent | "iv, 138p. Appendix p 97-107" |
| Dimensions | cm. |
| 490 ## - SERIES STATEMENT | |
| Series statement | "Political and Economic Planning, publication" |
| 500 ## - GENERAL NOTE | |
| General note | Social Science Institute |
| 650 ## - SUBJECT ADDED ENTRY--TOPICAL TERM | |
| Topical term or geographic name entry element | Personnel Management |
| 942 ## - ADDED ENTRY ELEMENTS (KOHA) | |
| Classification part | "X:9K5.3.N7, L4" |
| Koha item type | |
| Withdrawn status | Lost status | Damaged status | Not for loan | Home library | Current library | Date acquired | Total Checkouts | Full call number | Barcode | Date last seen | Price effective from | Koha item type |
|---|---|---|---|---|---|---|---|---|---|---|---|---|
| Ratan Tata Library | Ratan Tata Library | 2022-09-27 | "X:9K5.3.N7 L4" | RT0488002 | 2022-09-27 | 2022-09-27 |
